Centraal Stationen in den Niederlanden - Statistiken

Allgemein
  • Dieses Quiz wurde 49 mal gespielt
  • Das Durchschnittsergebnis liegt bei 6 aus 8
Antwortstatistiken
Antwort % Korrekt
Amsterdam
100%
Rotterdam
97%
Den Haag
92%
Utrecht
82%
Arnhem
74%
Eindhoven
49%
Leiden
44%
Amersfoort
41%
Keine übereinstimmenden Quizze gefunden
Verteilung der Resultate
Anzahl Personen mit jedem Resultat
Perzentil nach korrekt beantworteten Fragen
Ihre Resultats-Entwicklung
Sie haben dieses Quiz noch nicht gespielt